<?xml version="1.0" encoding="UTF-8"?><?xml-stylesheet type="text/xsl" href="static/style.xsl"?><OAI-PMH xmlns="http://www.openarchives.org/OAI/2.0/" xmlns:xsi="http://www.w3.org/2001/XMLSchema-instance" xsi:schemaLocation="http://www.openarchives.org/OAI/2.0/ http://www.openarchives.org/OAI/2.0/OAI-PMH.xsd"><responseDate>2026-05-16T23:12:08Z</responseDate><request verb="GetRecord" identifier="oai:repisalud.isciii.es:20.500.12105/13991" metadataPrefix="marc">https://repisalud.isciii.es/rest/oai/request</request><GetRecord><record><header><identifier>oai:repisalud.isciii.es:20.500.12105/13991</identifier><datestamp>2025-04-23T08:06:49Z</datestamp><setSpec>com_20.500.12105_2052</setSpec><setSpec>com_20.500.12105_2051</setSpec><setSpec>com_20.500.12105_14556</setSpec><setSpec>com_20.500.12105_2337</setSpec><setSpec>com_20.500.12105_2336</setSpec><setSpec>col_20.500.12105_19609</setSpec><setSpec>col_20.500.12105_14558</setSpec></header><metadata><record xmlns="http://www.loc.gov/MARC21/slim" xmlns:dcterms="http://purl.org/dc/terms/" xmlns:doc="http://www.lyncode.com/xoai" xmlns:xsi="http://www.w3.org/2001/XMLSchema-instance" xsi:schemaLocation="http://www.loc.gov/MARC21/slim http://www.loc.gov/standards/marcxml/schema/MARC21slim.xsd">
   <leader>00925njm 22002777a 4500</leader>
   <datafield ind2=" " ind1=" " tag="042">
      <subfield code="a">dc</subfield>
   </datafield>
   <datafield ind2=" " ind1=" " tag="720">
      <subfield code="a">Hendrickx, Antoni PA</subfield>
      <subfield code="e">author</subfield>
   </datafield>
   <datafield ind2=" " ind1=" " tag="720">
      <subfield code="a">Debast, Sylvia</subfield>
      <subfield code="e">author</subfield>
   </datafield>
   <datafield ind2=" " ind1=" " tag="720">
      <subfield code="a">Perez-Vazquez, Maria</subfield>
      <subfield code="e">author</subfield>
   </datafield>
   <datafield ind2=" " ind1=" " tag="720">
      <subfield code="a">Schoffelen, Annelot F</subfield>
      <subfield code="e">author</subfield>
   </datafield>
   <datafield ind2=" " ind1=" " tag="720">
      <subfield code="a">Notermans, Daan W</subfield>
      <subfield code="e">author</subfield>
   </datafield>
   <datafield ind2=" " ind1=" " tag="720">
      <subfield code="a">Landman, Fabian</subfield>
      <subfield code="e">author</subfield>
   </datafield>
   <datafield ind2=" " ind1=" " tag="720">
      <subfield code="a">Wielders, Cornelia C H</subfield>
      <subfield code="e">author</subfield>
   </datafield>
   <datafield ind2=" " ind1=" " tag="720">
      <subfield code="a">Flipse, Jacky</subfield>
      <subfield code="e">author</subfield>
   </datafield>
   <datafield ind2=" " ind1=" " tag="720">
      <subfield code="a">de Haan, Angela</subfield>
      <subfield code="e">author</subfield>
   </datafield>
   <datafield ind2=" " ind1=" " tag="720">
      <subfield code="a">Witteveen, Sandra</subfield>
      <subfield code="e">author</subfield>
   </datafield>
   <datafield ind2=" " ind1=" " tag="720">
      <subfield code="a">van Santen-Verheuvel, Marga</subfield>
      <subfield code="e">author</subfield>
   </datafield>
   <datafield ind2=" " ind1=" " tag="720">
      <subfield code="a">de Greeff, Sabine C</subfield>
      <subfield code="e">author</subfield>
   </datafield>
   <datafield ind2=" " ind1=" " tag="720">
      <subfield code="a">Kuijper, Ed</subfield>
      <subfield code="e">author</subfield>
   </datafield>
   <datafield ind2=" " ind1=" " tag="720">
      <subfield code="a">Schouls, Leo M</subfield>
      <subfield code="e">author</subfield>
   </datafield>
   <datafield ind2=" " ind1=" " tag="720">
      <subfield code="a">Dutch CPE surveillance Study Group</subfield>
      <subfield code="e">author</subfield>
   </datafield>
   <datafield ind2=" " ind1=" " tag="720">
      <subfield code="a">Cañada-Garcia, Javier Enrique</subfield>
      <subfield code="e">author</subfield>
   </datafield>
   <datafield ind2=" " ind1=" " tag="260">
      <subfield code="c">2021-06</subfield>
   </datafield>
   <datafield ind2=" " ind1=" " tag="520">
      <subfield code="a">Background: Carbapenemases produced by Enterobacterales are often encoded by genes on transferable plasmids and represent a major healthcare problem, especially if the plasmids contain additional antibiotic resistance genes. As part of Dutch national surveillance, 50 medical microbiological laboratories submit their Enterobacterales isolates suspected of carbapenemase production to the National Institute for Public Health and the Environment for characterization. All isolates for which carbapenemase production is confirmed are subjected to next-generation sequencing. Objectives: To study the molecular characteristics of a genetic cluster of Enterobacter cloacae complex isolates collected in Dutch national surveillance in the period 2015-20 in the Netherlands. Methods: Short- and long-read genome sequencing was used in combination with MLST and pan-genome MLST (pgMLST) analyses. Automated antimicrobial susceptibility testing (AST), the Etest for meropenem and the broth microdilution test for colistin were performed. The carbapenem inactivation method was used to assess carbapenemase production. Results: pgMLST revealed that nine E. cloacae complex isolates from three different hospitals in the Netherlands differed by &lt;20 alleles and grouped in a genetic cluster termed EclCluster-013. Seven isolates were submitted by one hospital in 2016-20. EclCluster-013 isolates produced carbapenemase and were from ST78, a globally disseminated lineage. EclCluster-013 isolates harboured a 316 078 bp IncH12 plasmid carrying the bla VIM-1 carbapenemase and the novel mcr-9 colistin resistance gene along with genes encoding resistance to different antibiotic classes. AST showed that EclCluster-013 isolates were MDR, but susceptible to meropenem (&lt;2 mg/L) and colistin (&lt;2 mg/L). Conclusions: The EclCluster-013 reported here represents an MDR E. cloacae complex ST78 strain containing an IncH12 plasmid carrying both the bla VIM-1 carbapenemase and the mcr-9 colistin resistance gene.</subfield>
   </datafield>
   <datafield ind1="8" ind2=" " tag="024">
      <subfield code="a">JAC Antimicrob Resist. 2021;3(2):dlab046</subfield>
   </datafield>
   <datafield ind1="8" ind2=" " tag="024">
      <subfield code="a">10.1093/jacamr/dlab046</subfield>
   </datafield>
   <datafield ind1="8" ind2=" " tag="024">
      <subfield code="a">2632-1823</subfield>
   </datafield>
   <datafield ind1="8" ind2=" " tag="024">
      <subfield code="a">JAC-Antimicrobial Resistance</subfield>
   </datafield>
   <datafield ind1="8" ind2=" " tag="024">
      <subfield code="a">34223115</subfield>
   </datafield>
   <datafield ind1="8" ind2=" " tag="024">
      <subfield code="a">http://hdl.handle.net/20.500.12105/13991</subfield>
   </datafield>
   <datafield ind2="0" ind1="0" tag="245">
      <subfield code="a">A genetic cluster of MDR Enterobacter cloacae complex ST78 harbouring a plasmid containing bla VIM-1 and mcr-9 in the Netherlands</subfield>
   </datafield>
</record></metadata></record></GetRecord></OAI-PMH>